55, underemployed, and faking normal : your guide to a better life

Bibliographic Details
Main Author: White, Elizabeth
Format: Book
Published: New York : Simon & Schuster , 2018
Subjects:

MARC

LEADER 00000cam a2200000 7i4500
001 0000239727
005 20190919.0
020 |a 9781501196805 
090 0 0 |a 332.024014   |b WHI 
100 1 |a White, Elizabeth 
245 1 0 |a 55, underemployed, and faking normal :   |b your guide to a better life   |c Elizabeth White 
260 |a New York :   |b Simon & Schuster ,   |c 2018 
300 |a 263p ;   |c 22cm. 
650 0 |a Retirement 
650 0 |a Retirement   |x Planning 
999 |a 00368204   |b BUKU   |c PINJAMAN   |e PERPUSTAKAAN KOMUNITI PETALING JAYA